Analýza eletroerozívneho obrábania v podmienkach spoločnosti ZF Slovakia, a.s.

Salvato in:
Dettagli Bibliografici
Autore principale: Jobek, Patrik (Autore)
Altri autori: Görög, Augustín (Relatore della tesi)
Natura: Manoscritto Libro
Lingua:slovacco
Pubblicazione: 2021
Soggetti:
Accesso online:http://is.stuba.sk/zp/portal_zp.pl?podrobnosti=148188
Tags: Aggiungi Tag
Nessun Tag, puoi essere il primo ad aggiungerne!!

MARC

LEADER 00000ntm a22000003a 4500
001 stuzp83362
003 SK-STU
005 20210703211815.8
007 ta
008 150427s2015----xo-----f-mn---000-0-slo-d
040 |a STU  |b slo 
041 0 |a slo 
100 1 |a Jobek, Patrik  |u 063000  |4 aut  |U MTF Materiálovotechnologická fakulta  |T MTF Ústav výrobných technológií  |X 7008  |U M3000  |Y 83  |7 7008 
242 0 1 |a Analysis of electroerosive machining in the conditions of the company ZF Slovakia, a.s.  |y eng 
245 1 0 |a Analýza eletroerozívneho obrábania v podmienkach spoločnosti ZF Slovakia, a.s. 
260 |c 2021 
650 4 |a EDM  |2 slo 
650 4 |a elektroerozívne obrábanie  |2 slo 
650 4 |a drôtové rezanie  |2 slo 
650 4 |a EDM  |2 eng 
650 4 |a electrical discharge machining  |2 eng 
650 4 |a electroerosive wire cutting  |2 eng 
700 1 |a Görög, Augustín  |u 063200  |k Z1  |4 ths  |U MTF Ústav výrobných technológií  |T MTF Katedra obrábania a počítačovej podpory technológií  |X 4179  |U M3200  |Y 164  |7 A000004179 
856 4 |u http://is.stuba.sk/zp/portal_zp.pl?podrobnosti=148188 
996 |c M* BP-9097  |l MMSKP  |s P  |a 0  |w stuzp83362_0001